<?xml version="1.0" encoding="UTF-8"?>
<marc:record xmlns:marc="http://www.loc.gov/MARC21/slim">
   <marc:leader>00000nam a2200000 a 4500</marc:leader>
   <marc:datafield ind1="1" ind2=" " tag="100">
      <marc:subfield code="a">Kooij, Rachel van</marc:subfield>
      <marc:subfield code="4">aut</marc:subfield>
      <marc:subfield code="e">Verfasser/-in</marc:subfield>
   </marc:datafield>
   <marc:datafield ind1=" " ind2=" " tag="653">
      <marc:subfield code="a">Familie</marc:subfield>
   </marc:datafield>
   <marc:datafield ind1="0" ind2="0" tag="245">
      <marc:subfield code="a">Niemand so wie ich?</marc:subfield>
   </marc:datafield>
   <marc:datafield ind1="0" ind2="0" tag="245">
      <marc:subfield code="c">Rachel van Kooij</marc:subfield>
   </marc:datafield>
   <marc:datafield ind1=" " ind2="1" tag="264">
      <marc:subfield code="a">Wien</marc:subfield>
      <marc:subfield code="b">Jungbrunnen</marc:subfield>
      <marc:subfield code="c">2024</marc:subfield>
   </marc:datafield>
   <marc:datafield ind1="1" ind2=" " tag="520">
      <marc:subfield code="a">Quelle: bn.bibliotheksnachrichten (http://www.biblio.at/literatur/bn/index.html); #Autor: Bettina Huber; #Kinderroman um Geschlechtsidentität und Resozialisierung. (ab 10) (JE)#Vor der Tür steht plötzlich ein Fremder. Doch bevor Niki, 11 Jahre alt, die Sache klären kann, schickt Mama den Fremden weg und Papa bekommt einen Wutanfall. Deshalb darf Niki sich eine Pizza holen und sie am Spielplatz essen  wohin auch der Fremde sich verirrt hat. Die geteilte Pizza, ein Bahnhofsklo und eine Wartebank später hat Niki sich des Fremden, der sich als Onkel entpuppt, angenommen. Mit Mut und kindlicher Hinterlist inszeniert Niki eine Familienzusammenführung, bei der einiges schiefgeht, aber sich die Kategorien Freund und Feind als durchlässiger erweisen als gedacht.#Rachel van Kooij erzählt behutsam von einer Freundschaft zweier Außenseiter: der Ex-Häftling und das Kind, das weder Bub noch Mädchen ist. Bei der Enthüllung ihrer Geheimnisse lernen sie nicht nur übers Leben, sondern auch viel über sich selber  und dass ein selbstbestimmtes Leben Vertrauen braucht. Hauptfigur Niki erinnert mit der beherzten Mischung aus Intelligenz, Verletzlichkeit und Mut an Christine Nöstlingers Protagonisten. Und ähnlich wie bei Christine Nöstlinger wird das unvoreingenommene Kind, das im eigenen Tempo der eigenen Wahrnehmung folgt, zur treibenden Kraft in der Konfliktlösung! Weshalb das Buch nicht nur Kindern ab 10 Jahren, sondern auch Eltern und anderen Erwachsenen ans Herz zu legen ist.</marc:subfield>
   </marc:datafield>
   <marc:datafield ind1=" " ind2=" " tag="020">
      <marc:subfield code="a">9783702659929</marc:subfield>
      <marc:subfield code="9">9783702659929</marc:subfield>
   </marc:datafield>
   <marc:datafield ind1=" " ind2=" " tag="041">
      <marc:subfield code="a">ger</marc:subfield>
   </marc:datafield>
   <marc:datafield ind1=" " ind2=" " tag="300">
      <marc:subfield code="a">229 Seiten</marc:subfield>
   </marc:datafield>
</marc:record>
